000 00684nam a2200229Ia 4500
001 8594
003 GE_BSU
008 181216s||||||||xx |||||||||||||| ||und||
040 _cGE_BSU
080 _a821.353.1-31
100 _aთავაძე, სოლომონ
245 _aაბესალომ მუხიგული
245 _bრომანი
245 _cრედ.: დ. შენგელია
260 _aთბილისი.
260 _bსაბჭ. მწერალი
260 _c1948
300 _a150 გვ; 20 სმ.
653 _aაბესალომ მუხიგული
653 _aრომანი
942 _cBK
999 _c41910
_d41910